banner-ar

LES CINQ SOUS DE LAVAREDE / (Record no. 14621)

MARC details
000 -الفاتح
حقل البيانات ثابتة الطول 00564nam a2200229Ia 4500
008 - عناصر البيانات ثابتة الطول - معلومات عامة
حقل البيانات ثابتة الطول 140319s9999 xx 000 0 eng d
040 ## - مصدر الفهرسة
وكالة الفهرسة الأصلية GCL /
وكالة النسخ GCL
082 04 - رقم تصنيف ديوى العشرى
رقم التصنيف CH
رقم المادة 843
-- L C
100 1# - المدخل الرئيسى - إسم شخصى
الإسم الشخصى LVOI, PAUL D'
245 10 - بيان العنوان
العنوان LES CINQ SOUS DE LAVAREDE /
بيان المسئوليه,etc LVOI, PAUL D'
700 1# - المدخل الاضافى - اسم شخصى
الإسم الشخصى LAVERDET, MARCEL
700 1# - المدخل الاضافى - اسم شخصى
الإسم الشخصى BOTTET, BEATRICE
300 ## - الوصف المادى
التعداد 153 P
650 04 - المدخل الاضافى بالموضوع-مصطلح موضوعى
مصطلح موضوعي CHILDREN
650 04 - المدخل الاضافى بالموضوع-مصطلح موضوعى
مصطلح موضوعي FICTION
650 04 - المدخل الاضافى بالموضوع-مصطلح موضوعى
مصطلح موضوعي FRENCH FICTION
650 04 - المدخل الاضافى بالموضوع-مصطلح موضوعى
مصطلح موضوعي FRENCH LITERATURE
650 04 - المدخل الاضافى بالموضوع-مصطلح موضوعى
مصطلح موضوعي CHILDREN - FICTION
942 ## - عناصر المدخل الإضافي( كوها)
مصدر التصنيف او مخطط الترفيف Dewey Decimal Classification
Koha [default] item type كتاب
260 ## - PUBLICATION, DISTRIBUTION, ETC. (IMPRINT)
-- [S.N] :
-- HEMMA
Holdings
حالة التراجع حالة الفقد حالة تلف ليس للاعارة المكان المؤقت الموقع الحالى تاريخ الاكتساب اجمالي اﻻعارات رقم الطلب الباركود تاريخ اخر مشاهدة تاريخ تفعيل السعر نوع وعاء كوها
        مكتبة القاهرة الكبرى مكتبة القاهرة الكبرى 03/26/2014   CH\843\L C 27416 03/26/2014 03/26/2014 كتاب
        مكتبة القاهرة الكبرى مكتبة القاهرة الكبرى 03/26/2014   CH\843\L C 27417 03/26/2014 03/26/2014 كتاب

Powered By

EGPV